LIBRARY & INFORMATION CENTRE, KCAET, TAVANUR

ONLINE PUBLIC ACCESS CATALOGUE (OPAC)

Industrial Managment and Safety (Record no. 14151)

MARC details
000 -LEADER
fixed length control field 00265nam a22001097a 4500
082 ## - DEWEY DECIMAL CLASSIFICATION NUMBER
Classification number 658.3
Item number ANI/IN
100 ## - MAIN ENTRY--AUTHOR NAME
Personal name Anitha , M
245 ## - TITLE STATEMENT
Title Industrial Managment and Safety
260 ## - PUBLICATION, DISTRIBUTION, ETC. (IMPRINT)
Place of publication Hydarabad
Name of publisher Radiant Publishing House
Year of publication 2012
300 ## - PHYSICAL DESCRIPTION
Number of Pages 9.24
942 ## - ADDED ENTRY ELEMENTS (KOHA)
Koha item type Books
Holdings
Withdrawn status Lost status Damaged status Home library Current library Date acquired Source of acquisition Full call number Accession Number Koha item type
      KAUAET KAUAET 30/03/2013 Aman Book Stall, Calicut 658.3 ANI/IN 24057 Books
free website counter